Los movimientos sociales en el Caribe /

Sparad:
Bibliografiska uppgifter
Huvudupphovsman: Pierre Charles, Gérard
Institutionell upphovsman: UASD
Övriga upphovsmän: coord
Materialtyp: Text
Publicerad: Santo Domingo: UASD
Taggar: Lägg till en tagg
Inga taggar, Lägg till första taggen!

MARC

LEADER 00000 a a2200000 04500
001 25480
003
040
090 |a 152603  
100 |a Pierre Charles, Gérard  
110 |a UASD  
245 |a Los movimientos sociales en el Caribe /  |c Gérard Pierre Charles 
260 |a Santo Domingo:   |b UASD  
300 |a 389 p.   |b **no definido**   |b map.  
700 |a coord  
999 |c 14114  |d 14114